000 00892nam a2200217Ia 4500
999 _c39560
_d39560
001 6159
003 GE_BSU
005 20191220163712.0
008 181216s1965||||ge |||||||||||||| ||g ||
040 _cGE_BSU
080 _a821.353.1-1
100 _aგეწაძე, აკაკი.
_95853
245 _aთეთრი გემები :
_bლექსები /
_cაკაკი გეწაძე ; რედ. მ. ქოივა ; მხატვ. ნ. ლაფაჩი.
264 _aთბილისი :
_bლიტერატურა და ხელოვნება,
_c1965.
300 _a65 გვ. ;
_c16 სმ.
653 _aთეთრი გემები
653 _aლექსები
700 _aქოივა, მ.
_eრედაქტორი
_95890
700 _aლაფაჩი, ნ.
_eმხატვარი
_95891
942 _cBK
_2udc